000 00452nam a2200157 i 4500
001 40826
003 ES-MaACL
005 20230906160322.0
007 t|
008 030307s1971 sp ||||1| spa d
110 2 _aCáritas Española.
_92442
245 1 0 _aActividades de Cáritas Española en 1970 /
_cCáritas Española.
260 _a[Madrid :
_bs.n.,
_c1971] (
_fImp. Coimoff)
300 _a104 p. ;
_c30 cm.
852 _aES-MaACL
_jC-42174
_bR.79659
999 _c40826
_d40826